000 00605nam a2200217Ia 4500
001 831
003 GE_BSU
008 181216s||||||||xx |||||||||||||| ||und||
040 _cGE_BSU
080 _a617.52(084)
245 _aАтлас пластической хирургии лица и шеи
245 _cПод ред. Ф.М.Хитрова
260 _aМосква
260 _bМедицина
260 _c1984
300 _a206стр.
541 _h8л.
653 _aАтлас пластической хирургии лица и шеи
653 _aмедицина
942 _cBK
999 _c34994
_d34994